[Event "Sachsen-ch U14"]
[Site "Sebnitz"]
[Date "2007.04.12"]
[Round "4"]
[White "Mueller, Richard"]
[Black "Le Minh, Viet"]
[Result "1/2-1/2"]
[WhiteElo "1673"]
[BlackElo "1545"]
[PlyCount "34"]
[EventDate "2007.04.10"]
[EventType "swiss"]
[EventRounds "7"]
[EventCountry "GER"]
[SourceTitle "EXT 2008"]
[Source "ChessBase"]
[SourceDate "2007.11.25"]
[SourceVersion "1"]
[SourceVersionDate "2007.11.25"]
[SourceQuality "1"]

1. d4 e6 2. c4 f5 3. Nf3 Nf6 4. g3 Be7 5. Bg2 0-0 6. 0-0 d6 7. b3 Qe8 8. Nc3 Nc6 9. d5 exd5 10. Nxd5 Bd8 11. e3 Nxd5 12. Qxd5+ Be6 13. Qd2 Bf6 14. Bb2 Bxb2 15. Qxb2 d5 16. cxd5 Bxd5 17. Rfd1 Rd8 1/2-1/2

[Event "Sachsen-ch U14"]
[Site "Sebnitz"]
[Date "2007.04.11"]
[Round "3"]
[White "Duenzel, Jonas"]
[Black "Le Minh, Viet"]
[Result "1-0"]
[WhiteElo "1871"]
[BlackElo "1545"]
[PlyCount "103"]
[EventDate "2007.04.10"]
[EventType "swiss"]
[EventRounds "7"]
[EventCountry "GER"]
[SourceTitle "EXT 2008"]
[Source "ChessBase"]
[SourceDate "2007.11.25"]
[SourceVersion "1"]
[SourceVersionDate "2007.11.25"]
[SourceQuality "1"]

1. e4 e6 2. d4 d5 3. Nd2 c5 4. exd5 exd5 5. Ngf3 Nc6 6. Bb5 Bd7 7. 0-0 cxd4 8. Nb3 Bd6 9. Nbxd4 Nge7 10. Re1 0-0 11. Bg5 Re8 12. c3 Qc7 13. h3 Ng6 14. Bd3 Rxe1+ 15. Qxe1 Nce5 16. Nxe5 Bxe5 17. Bxg6 hxg6 18. Qd2 Bxd4 19. Qxd4 Qc4 20. Be3 Qxd4 21. Bxd4 b5 22. Re1 Be6 23. f4 a6 24. Kf2 Re8 25. Re3 Bd7 26. Rxe8+ Bxe8 27. Ba7 f6 28. Ke3 Kf7 29. Kd4 Ke6 30. g4 Bd7 31. Bb8 a5 32. b3 a4 33. b4 Bc6 34. Kc5 Bd7 35. a3 Be8 36. Bd6 f5 37. g5 Bd7 38. Be5 Be8 39. Bxg7 Bd7 40. Bd4 Be8 41. Kb6 Kd6 42. Bc5+ Ke6 43. Kc7 Bd7 44. Kd8 Bc6 45. h4 Bd7 46. Be7 Bc6 47. h5 gxh5 48. g6 d4 49. cxd4 h4 50. Bxh4 Bf3 51. d5+ Kd6 52. Be7+ 1-0

[Event "GER-chT U12"]
[Site "Verden"]
[Date "2005.12.28"]
[Round "3.1"]
[White "Braeuer, Franz"]
[Black "Le Minh, Viet"]
[Result "1-0"]
[WhiteElo "1667"]
[BlackElo "1461"]
[PlyCount "95"]
[EventDate "2005.12.27"]
[EventType "team-swiss"]
[EventRounds "7"]
[EventCountry "GER"]
[SourceTitle "CBM 110 Extra"]
[Source "ChessBase"]
[SourceDate "2006.03.10"]
[SourceVersion "2"]
[SourceVersionDate "2006.03.10"]
[SourceQuality "1"]

1. e4 e6 2. d4 d5 3. Nc3 Bb4 4. e5 c5 5. a3 Bxc3+ 6. bxc3 Nc6 7. Qg4 Nge7 8. Qxg7 Rg8 9. Qxh7 Qa5 10. Bd2 c4 11. Qh5 Bd7 12. Qd1 0-0-0 13. Nf3 Rdf8 14. g3 Nf5 15. Bg2 Nce7 16. 0-0 Ng6 17. Qb1 f6 18. exf6 Rxf6 19. Qb4 Qc7 20. Rab1 Bc6 21. Kh1 Rh8 22. Ng1 Nxg3+ 23. fxg3 Qxg3 24. Bh3 Rxh3 25. Nxh3 Rxf1+ 26. Rxf1 Qxh3 27. Qb1 e5 28. Qd1 e4 29. Rg1 Ne7 30. Qg4+ Qxg4 31. Rxg4 Nf5 32. Rf4 Nd6 33. h4 Nb5 34. h5 Be8 35. Rf8 Kd7 36. h6 Bg6 37. Rf7+ Bxf7 38. h7 Nxa3 39. h8Q Be6 40. Qg7+ Kc6 41. Bf4 Nxc2 42. Qc7+ Kb5 43. Qxb7+ Ka4 44. Qxa7+ Kb3 45. Qb6+ Kxc3 46. Qxe6 Kxd4 47. Qe5+ Kc5 48. Qc3 1-0

[Event "Sachsen-ch U12"]
[Site "Sebnitz"]
[Date "2005.03.29"]
[Round "2"]
[White "Fittkau, Nico"]
[Black "Le Minh, Viet"]
[Result "0-1"]
[WhiteElo "1321"]
[BlackElo "1539"]
[PlyCount "60"]
[EventDate "2005.03.29"]
[EventType "swiss"]
[EventRounds "7"]
[EventCountry "GER"]
[SourceTitle "EXT 2007"]
[Source "ChessBase"]
[SourceDate "2006.11.23"]
[SourceVersion "1"]
[SourceVersionDate "2006.11.23"]
[SourceQuality "1"]

1. e4 c5 2. Nf3 Nc6 3. c3 g6 4. d4 cxd4 5. cxd4 Bg7 6. Bc4 e6 7. Nc3 Nge7 8. Bb3 b6 9. 0-0 Bb7 10. Bf4 Na5 11. Rc1 Nxb3 12. Qxb3 0-0 13. Nb5 Bxe4 14. Bc7 Qc8 15. Nd6 Qa6 16. Nxe4 d5 17. Ng3 Qb7 18. Bd6 Rfc8 19. Bxe7 Qxe7 20. Ne2 Bh6 21. Rxc8+ Rxc8 22. Nc3 Rc4 23. Ne5 Rc8 24. Qa4 Rc7 25. Nb5 Qe8 26. Nc3 Qxa4 27. Nxa4 Rc2 28. b3 Rxa2 29. Rd1 Ra3 30. Rd3 Ra1+ 0-1